| 000 | 00736nam a2200289Ia 4500 | ||
|---|---|---|---|
| 001 | 6416 | ||
| 003 | IT-RoPAU | ||
| 008 | 130308s9999 xx 000 0 und d | ||
| 040 | _aIT-RoPAU | ||
| 040 | _cIT-RoPAU | ||
| 041 | _aITALIANO | ||
| 100 | _aTurroni Giuseppe | ||
| 100 | _gCodice Aut. SPICS: 294 | ||
| 245 | _aElio Luxardo | ||
| 245 | _bFotografia: Professione, Mito e Responsabilita' | ||
| 250 | _a1a ed. | ||
| 260 | _aMILANO | ||
| 260 | _bAFIP | ||
| 260 | _c1979 [1° Ed.:1979 - Ed.Ling.Originale:1979] | ||
| 300 | _a"2 p. (prefazione: no ; testo: 2 [pagine: 59-60])" | ||
| 650 | _aSAGGI DI FOTOGRAFIA | ||
| 650 | _eCodice materia Spics: 6761 | ||
| 942 | _cBK | ||
| 957 | _71 | ||
| 999 |
_c51169 _d51169 |
||
| 999 | _bSI | ||
| 999 | _g1 | ||